Doanh nhân thành đạt và bài học kinh nghiệm thương trường

Bewaard in:
Bibliografische gegevens
Hoofdauteur: Phan, Lan
Formaat: Boek
Taal:Undetermined
Gepubliceerd in: Hà Nội Văn hóa Thông tin 2005
Onderwerpen:
Tags: Voeg label toe
Geen labels, Wees de eerste die dit record labelt!
Thư viện lưu trữ: Trung tâm Học liệu Trường Đại học Cần Thơ
LEADER 00548nam a2200193Ia 4500
001 CTU_95312
008 210402s9999 xx 000 0 und d
020 |c 40000 
082 |a 650.1 
082 |b L105 
100 |a Phan, Lan 
245 0 |a Doanh nhân thành đạt và bài học kinh nghiệm thương trường 
245 0 |c Phan Lan 
260 |a Hà Nội 
260 |b Văn hóa Thông tin 
260 |c 2005 
650 |a Success in business 
904 |i Minh 
980 |a Trung tâm Học liệu Trường Đại học Cần Thơ